Пропуск в контексте

Сборник задач по уголовному процессу учебное пособие

В данном сборнике излагается материал учебного курса «Уголовный процесс», составленный с учетом требований государственного образовательного стандарта по направлению подготовки «Юриспруденция» и тематического плана по дисциплине «Уголовный процесс». По каждой учебной теме курса представлены вопросы...

Fuld beskrivelse

Сохранить в:
Bibliografiske detaljer
Hovedforfatter: Скоропупов Ю. И.
Format: Книга
Sprog:Russian
Udgivet: Тула ТулГУ 2024
Fag:
Online adgang:https://e.lanbook.com/book/427310
https://e.lanbook.com/img/cover/book/427310.jpg
Tags: Tilføj Tag
Ingen Tags, Vær først til at tagge denne postø!
LEADER 02756nam0a2200301 i 4500
001 427310
003 RuSpLAN
005 20240827172401.0
008 240827s2024 ru gs 000 0 rus
020 |a 978-5-7679-5378-3 
040 |a RuSpLAN 
041 0 |a rus 
044 |a ru 
080 |a 343.1(075.8) 
084 |a 67.410.2я73  |2 rubbk 
245 0 0 |a Сборник задач по уголовному процессу  |b учебное пособие  |c Скоропупов Ю. И. 
260 |a Тула  |b ТулГУ  |c 2024 
300 |a 325 с. 
504 |a Библиогр.: доступна в карточке книги, на сайте ЭБС Лань 
520 8 |a В данном сборнике излагается материал учебного курса «Уголовный процесс», составленный с учетом требований государственного образовательного стандарта по направлению подготовки «Юриспруденция» и тематического плана по дисциплине «Уголовный процесс». По каждой учебной теме курса представлены вопросы изучаемой темы, краткое их теоретическое содержание, указаны вопросы для подготовки студентов к практическим (семинарским) занятиям. По изучаемой теме студентам представлены практические задачи, которые рекомендуется решить при проведении семинарских занятий. Пособие предназначено для студентов, может представлять интерес для преподавателей, аспирантов, научных сотрудников юридических высших учебных заведений, а также для практических работников правоохранительных органов и всех интересующихся современным уголовно-процессуальным законодательством Российской Федерации. 
521 8 |a Книга из коллекции ТулГУ - Право. Юридические науки 
521 8 |a СЭБ 
653 0 |a уголовный процесс 
653 0 |a судебное производство 
100 1 |a Скоропупов Ю. И. 
856 4 |u https://e.lanbook.com/book/427310 
856 4 8 |u https://e.lanbook.com/img/cover/book/427310.jpg 
953 |a https://e.lanbook.com/img/cover/book/427310.jpg 
Cannot write session to /tmp/vufind_sessions/sess_3i9qrae7vlhbngi8cnd1738vis